Shadows of Doubt : Language and Truth in Post-Reformation Catholic Culture /

Análisis de tipo académico acerca de la verdad y de las verdades afirmadas por la Iglesia Católica a partir de la Reforma. Hace una correlación hermenéutica entre la verdad y el lenguaje. En el catolicismo posterior a la Reforma se encuentra un movimiento complejo y rico; en el presente estudio se r...

Ausführliche Beschreibung

Gespeichert in:
Bibliographische Detailangaben
1. Verfasser: Tutino, Stefania (autor)
Format: Buch
Sprache:Englisch
Veröffentlicht: Nueva York, EUA : Oxford University, 2014, c2014
Schlagworte:
Tags: Tag hinzufügen
Keine Tags, Fügen Sie das erste Tag hinzu!

MARC

LEADER 00000nam^a2200000^a^4500
001 000553899
005 20250521000000.0
009 20260310131646.475
020 |a 978-0-19-932498-9 
037 |a Acervo ITESO - Biblioteca 
041 |a ING 
082 |a 282. 1  |b TUT 
100 |a Tutino, Stefania  |e (autor) 
245 1 0 |a Shadows of Doubt :  |b Language and Truth in Post-Reformation Catholic Culture /  |c S. Tutino. 
264 4 |a Nueva York, EUA :  |b Oxford University,  |c 2014, c2014 
300 |a XI, 278 p. 
336 |a texto  |b txt  |2 rdacontenido 
337 |a sin mediación  |b n  |2 rdamedio 
338 |a volumen  |b nc  |2 rdasoporte 
520 |a Análisis de tipo académico acerca de la verdad y de las verdades afirmadas por la Iglesia Católica a partir de la Reforma. Hace una correlación hermenéutica entre la verdad y el lenguaje. En el catolicismo posterior a la Reforma se encuentra un movimiento complejo y rico; en el presente estudio se revelan aspectos del lado oscuro de la historia: un mundo en el que las verdades teológicas incuestionables coexistían con graves dudas acerca de los vínculos entre el lenguaje humano y la realidad; en este sentido se exploran los límites del lenguaje en relación con diversos lenguajes y cultures, con frecuencia encontrados en situaciones de expansión del cristianismo. 
649 |a XX 
650 |a Historiadores Italianos 
650 |a Iglesia Católica -  |x Historia -  |y Edad Moderna -  |x Tema Principal 
650 |a Verdad -  |x Aspectos Sociales y Culturales 
650 |a Creencia y Duda -  |x Tema Principal 
650 |a Lenguaje y Pensamiento -  |x Tema Principal 
650 |a Hermenéutica 
650 |a Retórica 
650 |a Historiografía 
650 |a Catolicismo -  |x Historia y Crítica 
650 |a Catolicismo -  |x Historia 
650 |a Cristianismo -  |x Historia 
650 |a Religión -  |x Historia 
650 |a Mascardi, Agostino 
910 |a Fondo General 
920 |a Impresos - Libros 
930 |a Colección General 
905 |a 101 
901 |a 0500387261  |b IT1  |c ACC  |i C180093  |u 20250521 
902 |a https://opac.biblio.iteso.mx/vufind/Record/000553899